| 000 | 01061cad a22002055a 4500 | ||
|---|---|---|---|
| 001 | E152501 | ||
| 008 | 110321s2011 xxk f s000 0 eng d | ||
| 020 | _a9781780450933 | ||
| 035 | _a(Sirsi) u152501 | ||
| 041 | 0 | _aeng | |
| 110 | 2 |
_aTurner and Townsend _95813 |
|
| 245 | 0 | 0 |
_aProcurement in the affordable housing sector _h[electronic resource] |
| 260 |
_aEdinburgh _bScottish Government _c2011 |
||
| 520 | _aLooks at current procurement systems used by the affordable housing sector, and suggests that savings could be made through the implementation of a central procurement service for the affordable housing sector. Suggests that this would be best created as part of Scotland Excel, or by a sector body such as SFHA. Also suggests the creation of an online housing homepage to improve communication in the area of prcorement. | ||
| 590 | _aKA | ||
| 651 | 4 |
_aScotland _y1999- |
|
| 690 |
_aProcurement _96260 |
||
| 856 | 4 | 0 |
_uhttps://www.scotland.gov.uk/Publications/2011/03/11120322/0 _zView the item free of charge at www.scotland.gov.uk |
| 942 | _n0 | ||
| 999 |
_c112077 _d112077 |
||